Giáo trình cây xanh đô thị

Cung cấp những kiến thức cơ bản về quan hệ giữa cây xanh và đời sống con người, các tác động của cây xanh lên môi trường sống, tầm quan trọng của cây xanh đối với sự hình thành cảnh quan đô thị......

Disgrifiad llawn

Wedi'i Gadw mewn:
Manylion Llyfryddiaeth
Prif Awdur: Phạm, Anh Dũng
Fformat: Llyfr
Iaith:Undetermined
Cyhoeddwyd: Hà Nội Xây dựng 2012
Pynciau:
Tagiau: Ychwanegu Tag
Dim Tagiau, Byddwch y cyntaf i dagio'r cofnod hwn!
Thư viện lưu trữ: Trung tâm Học liệu Trường Đại học Cần Thơ
LEADER 00917nam a2200205Ia 4500
001 CTU_181319
008 210402s9999 xx 000 0 und d
020 |c 55000 
082 |a 363.7 
082 |b D513 
100 |a Phạm, Anh Dũng 
245 0 |a Giáo trình cây xanh đô thị 
245 0 |c Phạm Anh Dũng (Chủ biên) ; Lê Tiễn Tâm 
260 |a Hà Nội 
260 |b Xây dựng 
260 |c 2012 
520 |a Cung cấp những kiến thức cơ bản về quan hệ giữa cây xanh và đời sống con người, các tác động của cây xanh lên môi trường sống, tầm quan trọng của cây xanh đối với sự hình thành cảnh quan đô thị... 
650 |a Environmental engineering,Công nghệ môi trường 
910 |a Duyên 
980 |a Trung tâm Học liệu Trường Đại học Cần Thơ